000 01595cad a22002175a 4500
001 L140948
008 071022e20070509xxk f 000 0 eng d
035 _a(Sirsi) u140948
041 0 _aeng
245 0 0 _aCorner and others v Salford CC
_h[electronic resource]
260 _c2007
520 _a[2007] EWLands ACQ_99_2006, 9 May 2007. Considers the amount to be paid in respect of the compulsory purchase of a domestic property. Salford City Council had made efforts to contact the freeholder, Mr Corner (C) and the chargees, Ms Corner and Mr Kormornick. Efforts to contact these had been unsuccessful and evidence was supplied. The District Valuer assessed the open market value of the freehold at a level based upon similar properties in the street, and their recent sale prices. The Council requested that it be permitted to make payment to court in the absence of any interested parties. "Held": The valuation of compensation to be paid was accepted. The request to pay this into court was not accepted because a notice to treat was deemed to have been served under the Compulsory Purchase (Vesting Declarations) Act 1981.
590 _aKA
650 2 4 _aCORNER AND OTHERS V SALFORD CC
650 2 4 _aCOMPULSORY PURCHASE ACT 1965
650 2 4 _aCOMPULSORY PURCHASE (VESTING DECLARATIONS) ACT 1981
651 4 _aUnited Kingdom
_y
690 _aENVIRONMENTAL AND LAND CONSULTANCY-PLANNING AND DEVELOPMENT-COMPULSORY PURCHASE AND COMPENSATION
856 4 0 _uhttps://www.bailii.org/ew/cases/EWLands/2007/ACQ_99_2006.html
_zView the judgment free of charge at www.bailii.org...
942 _n0
999 _c79386
_d79386